| 000 | 00529nam a2200181 i 4500 | ||
|---|---|---|---|
| 001 | 40791 | ||
| 003 | ES-MaACL | ||
| 005 | 20250804063359.0 | ||
| 007 | t| | ||
| 008 | 030307s1971 sp ||||1| spa d | ||
| 100 | 1 |
_aCapmany, Maria Aurèlia, _d1918-1991 _934865 |
|
| 245 | 1 | 0 |
_aSalvador Espriu / _cMaria Aurèlia Capmany. |
| 260 |
_a[Barcelona] : _bDopesa, _c[1971] |
||
| 300 |
_a103 p. ; _c20 cm. |
||
| 600 | 1 | 4 |
_aEspriu, Salvador, _d1913-1985 _947947 |
| 852 |
_aES-MaACL _jC-48628 _bR.80728 |
||
| 999 |
_c40791 _d40791 |
||